000 00216nam a22000857a 4500
999 _c13563
_d13563
100 _aSheikh Zayed Islamic Center
245 _aThe Islamic Culture
260 _aKarachi Pakistan
_bUniversity of Karachi
_c2007
942 _cBK